LEADER 00936cam0-22003251i-450- 001 990007447560403321 005 20070906115859.0 010 $a0-7656-0358-6 035 $a000744756 035 $aFED01000744756 035 $a(Aleph)000744756FED01 035 $a000744756 100 $a20030616d2001----km-y0itay50------ba 101 0 $aeng 102 $aUS 105 $aa-------001yy 200 1 $aChina's workers under assault$ethe exploitation of labor in a globalizing economy$fAnita Chan 210 $aArmonk$cM.E. Sharpe$d©2001 215 $aXV, 249 p.$cill.$d24 cm 225 1 $aAsia and the Pacific 610 0 $aMercato del lavoro$aCina 676 $a331.0951$v21$zita 700 1$aChan,$bAnita$0269067 801 0$aIT$bUNINA$gRICA$2UNIMARC 901 $aBK 912 $a990007447560403321 952 $aXIII A 245$b39877$fFSPBC 959 $aFSPBC 996 $aChina's workers under assault$9679015 997 $aUNINA LEADER 01013nam a2200301 i 4500 001 991002301289707536 005 20020503163807.0 008 000908s1976 it ||| | ita 035 $ab10344974-39ule_inst 035 $aEXGIL101621$9ExL 040 $aBiblioteca Interfacoltà$bita 082 0 $a235.4 100 1 $aHaag, Herbert$0159910 245 13$aLa credenza nel diavolo /$cHerbert Haag ; a cura di Aldo Gecchelin 260 $aMilano :$bMondadori,$c1976 300 $aXVI, 275 p. ;$c20 cm. 490 0 $aDocumentinuovi ;$v28 500 $aTrad. A. Gecchelin 500 $aTit. orig.: Teufelsglaube 650 4$aDemonio 700 1 $aGecchelin, Aldo 907 $a.b10344974$b21-02-17$c27-06-02 912 $a991002301289707536 945 $aLE002 235.4 HAA 945 $aLE002 Fil. III H 24$g1$i2002000466570$lle002$o-$pE0.00$q-$rl$s- $t0$u0$v0$w0$x0$y.i10405021$z27-06-02 996 $aCredenza nel diavolo$9204963 997 $aUNISALENTO 998 $ale002$b01-01-00$cm$da $e-$fita$git $h3$i1 LEADER 01660nas 2200529-a 450 001 996208143903316 005 20240413022542.0 035 $a(CKB)110978977743869 035 $a(CONSER)sn-85005251- 035 $a(EXLCZ)99110978977743869 100 $a19850528a19859999 --- a 101 0 $aeng 181 $ctxt$2rdacontent 182 $cc$2rdamedia 183 $acr$2rdacarrier 200 00$aAdvanced manufacturing technology 210 $aEnglewood, NJ $cTechnical Insights$d©1985- 215 $a1 online resource 300 $aTitle from caption. 300 $aRefereed/Peer-reviewed 311 $aPrint version: Advanced manufacturing technology. (DLC)sn 85005251 (OCoLC)12086349 0885-5684 531 $aADVANCED MANUFACTURING TECHNOLOGY MONTHLY REPORT 531 0 $aAdv. manuf. technol. 606 $aHigh technology$vPeriodicals 606 $aIndustrial arts$vPeriodicals 606 $aTechnology$vPeriodicals 606 $aHigh technology$2fast$3(OCoLC)fst00956404 606 $aIndustrial arts$2fast$3(OCoLC)fst00970804 606 $aTechnology$2fast$3(OCoLC)fst01145078 606 $aFertigung$2gnd 606 $aZeitschrift$2gnd 608 $aPeriodicals.$2fast 615 0$aHigh technology 615 0$aIndustrial arts 615 0$aTechnology 615 7$aHigh technology. 615 7$aIndustrial arts. 615 7$aTechnology. 615 7$aFertigung 615 7$aZeitschrift 676 $a670 712 02$aTechnical Insights, Inc. 906 $aJOURNAL 912 $a996208143903316 920 $aexl_impl conversion 996 $aAdvanced manufacturing technology$92348483 997 $aUNISA LEADER 02326oam 2200589zu 450 001 9910164687903321 005 20230828214422.0 010 $a0-8031-5068-7 035 $a(CKB)3170000000045412 035 $a(SSID)ssj0001490630 035 $a(PQKBManifestationID)11970120 035 $a(PQKBTitleCode)TC0001490630 035 $a(PQKBWorkID)11474792 035 $a(PQKB)10689081 035 $a(NjHacI)993170000000045412 035 $a(EXLCZ)993170000000045412 100 $a20160829h19881988 uy 0 101 0 $aeng 135 $aur||||||||||| 181 $ctxt$2rdacontent 182 $cc$2rdamedia 183 $acr$2rdacarrier 200 10$aWaste testing and quality assurance /$fDavid Friedman, editor 210 31$aPhiladelphia :$cAmerican Society for Testing & Materials,$d1988 210 4$a©1988 215 $a1 online resource (184 pages) $cillustrations 225 0 $aSpecial Technical Publications 300 $aBibliographic Level Mode of Issuance: Monograph 311 $a0-8031-1175-4 330 $aAnnotation Symposium [title] held in Washington, DC July 1986. Papers discuss leachability estimation, data quality assurance, and analytical method development and evaluation. Annotation copyrighted by Book News, Inc., Portland, OR. 410 0$aASTM special technical publication;$v999 606 $aFactory and trade waste$xAnalysis$vCongresses 606 $aFactory and trade waste$xLeaching$vCongresses 606 $aFactory and trade waste$xTesting$vCongresses 606 $aRefuse and refuse disposal$xAnalysis$vCongresses 606 $aRefuse and refuse disposal$xTesting$vCongresses 615 0$aFactory and trade waste$xAnalysis 615 0$aFactory and trade waste$xLeaching 615 0$aFactory and trade waste$xTesting 615 0$aRefuse and refuse disposal$xAnalysis 615 0$aRefuse and refuse disposal$xTesting 676 $a363.728 701 $aFriedman$b David$0525927 712 02$aUnited States.$bEnvironmental Protection Agency. 712 02$aAmerican Public Works Association. 712 02$aASTM International. 712 12$aSymposium on Solid Waste Testing and Quality Assurance 801 0$bPQKB 906 $aBOOK 912 $a9910164687903321 996 $aWaste Testing and Quality Assurance$92206704 997 $aUNINA